00880nam a2200193 a 450000500170000000800410001704000250005804100080008304400070009108200190009811101310011724500490024826000350029730000430033265000790037565000570045465000570051171001180056820160128155845.0140312b1994 sz ||||| |||| 00| 0 eng d aCO-BoIAVHcCO-BoIAVH0 aspa asz04a333.9542bR44r2 aReunión de la conferencia de las partes, cFort Lauderdale (Estados Unidos de América) d, 7 al 18 de noviembre de 1994n910aResoluciones de la conferencia de las partes aGeneva, Suiza :bCITES,c1994. a 68 páginas :btablas ;c30 x 21 cm. 6aConservación de la diversidad biológicavCongresos, conferencias, etc. 6aFaunaxConservaciónvCongresos, conferencias, etc. 6aFloraxConservaciónvCongresos, conferencias, etc.2 aSecretaría de la Convención Sobre el Comercio Internacional de Especies Amenazadas de Fauna y Flora Silvestre